[Event "Titled Tue 1st Jul Early"]
[Site "chess.com INT"]
[Date "2025.07.01"]
[Round "7"]
[White "Antoniou, Rafail"]
[Black "Goncharov, Vladimir"]
[Result "0-1"]
[WhiteTitle "CM"]
[WhiteElo "2134"]
[BlackElo "2077"]
[WhiteFideId "5904390"]
[BlackFideId "34162256"]
[EventDate "2025.07.01"]

1. e4 e6 2. d4 d5 3. Nc3 Bb4 4. exd5 exd5 5. Bd3 Nc6 6. Ne2 Nf6 7. O-O h6 8. Ng3
O-O 9. Nce2 Re8 10. c3 Bd6 11. Bf4 Bg4 12. f3 Be6 13. Qd2 Bxf4 14. Nxf4 Qd7 15.
Rfe1 Re7 16. Re2 Rae8 17. Rae1 Qd6 18. Nfh5 Nxh5 19. Nxh5 Bd7 20. Qf4 Rxe2 21.
Rxe2 Rxe2 22. Qxd6 Rxg2+ 23. Kxg2 cxd6 24. Nf4 Ne7 25. b3 g6 26. Kf2 Kg7 27. c4
dxc4 28. bxc4 f5 29. Ke3 Kf6 30. Ne2 Be8 31. d5 g5 32. Kd4 b6 33. Nc3 a6 34. a3
h5 35. Ne2 h4 36. Ke3 Bd7 37. Nd4 Ng6 38. Bf1 Ke5 39. Ne2 Nf4 40. Nxf4 gxf4+ 41.
Kd3 b5 42. Kc3 Be8 43. Kb4 Kd4 44. cxb5 axb5 45. Bxb5 Bh5 46. Be2 Ke3 47. Bc4
Bxf3 48. a4 Be2 49. Bxe2 Kxe2 50. a5 f3 51. a6 f2 52. a7 f1=Q 53. a8=Q Qb1+ 54.
Kc3 Qd3+ 55. Kb2 f4 56. Qe8+ Qe3 57. Qe6 f3 58. Qxd6 f2 59. Qa6+ Ke1 60. Qa1+
Ke2 61. Qa6+ Qd3 62. Qe6+ Kd1 63. d6 f1=Q 64. d7 Qfe2+ 65. Ka1 Qxe6 66. d8=Q
Qa6+ 67. Kb2 Qb5+ 68. Ka2 Qb3+ 69. Ka1 Qb1# 0-1

[Event "Titled Tue 1st Jul Early"]
[Site "chess.com INT"]
[Date "2025.07.01"]
[Round "7"]
[White "Burmakin, Evgeniy"]
[Black "Garv, Gaur"]
[Result "0-1"]
[WhiteTitle "FM"]
[BlackTitle "FM"]
[WhiteElo "2110"]
[BlackElo "2363"]
[WhiteFideId "4163729"]
[BlackFideId "45030839"]
[EventDate "2025.07.01"]

1. e4 c6 2. Nc3 d5 3. Nf3 g6 4. d4 Bg7 5. h3 dxe4 6. Nxe4 Nf6 7. Bd3 O-O 8. Be3
a5 9. O-O Na6 10. a4 Nb4 11. Nxf6+ exf6 12. Bc4 Bf5 13. Bb3 Qd7 14. Nh4 Be4 15.
c3 Nd5 16. c4 Nxe3 17. fxe3 Bh6 18. Qe2 Rae8 19. Rae1 f5 20. Qf2 Bd3 21. Nf3
Bxf1 22. Kxf1 Qe7 23. Ne5 f6 24. c5+ Kg7 25. Nc4 Rd8 26. Nxa5 Qc7 27. Nc4 Qh2
28. Nd6 Rd7 29. Qf3 Bg5 30. Ke2 Re7 31. Kd3 Bh4 32. Rf1 Qg3 33. Qxg3 Bxg3 34.
Nc4 Rfe8 35. Rf3 Bc7 36. Bc2 Rd7 37. b4 Red8 38. b5 f4 39. b6 Bb8 40. Kc3 fxe3
41. Rxe3 Bf4 42. Re4 Bg3 43. Re3 Bf2 44. Re4 Bxd4+ 45. Kb4 f5 46. Re2 Rd5 47.
Re7+ Kf6 48. Rxb7 Bxc5+ 49. Kb3 Be7 50. a5 Rb5+ 51. Kc3 Bb4+ 52. Kb3 Bxa5+ 53.
Ka4 Rd4 54. Bb3 Be1 0-1

[Event "Titled Tue 1st Jul Early"]
[Site "chess.com INT"]
[Date "2025.07.01"]
[Round "7"]
[White "Boramanikar, Tanisha S"]
[Black "Mayaud, Raphael"]
[Result "1-0"]
[WhiteTitle "WCM"]
[BlackTitle "CM"]
[WhiteElo "1743"]
[BlackElo "2126"]
[WhiteFideId "35023454"]
[BlackFideId "627151"]
[EventDate "2025.07.01"]

1. e4 c6 2. d4 d5 3. e5 Bf5 4. Ne2 e6 5. Ng3 Bg6 6. h4 h5 7. Be2 c5 8. c3 Nc6 9.
Bxh5 Bxh5 10. Nxh5 g6 11. Bg5 Be7 12. Bxe7 Qxe7 13. Ng3 Rxh4 14. Rxh4 Qxh4 15.
Na3 cxd4 16. Nb5 Kf8 17. cxd4 a6 18. Qa4 Kg7 19. Rd1 Nge7 20. Nd6 b5 21. Nxb5
Nxe5 22. Nc7 Ra7 23. Ne8+ Kf8 24. Nd6 N5c6 25. b4 Qf4 26. b5 Qxd6 27. bxc6 Qxc6
28. Qb4 Rc7 29. Qb8+ Rc8 30. Qb1 Qc2 31. Qb6 Qc6 32. Qb4 Qc4 33. Qb7 Qc6 34. Qb4
Qc3+ 35. Qxc3 Rxc3 36. Rb1 Ra3 37. Rb8+ Kg7 38. Rb7 Nf5 39. Nxf5+ gxf5 40. Rb2
f6 41. Ke2 e5 42. dxe5 fxe5 43. Rb7+ Kf6 44. Rb6+ Kg5 45. Rd6 Rxa2+ 46. Ke3 Ra3+
47. Kd2 Ra5 48. Re6 Kf4 49. g3+ Ke4 50. Ke2 Ra2+ 51. Ke1 a5 52. Rb6 d4 53. Rb1
a4 54. Rd1 Kd5 55. f3 e4 56. g4 1-0

[Event "Titled Tue 1st Jul Early"]
[Site "chess.com INT"]
[Date "2025.07.01"]
[Round "7"]
[White "Ravshanov, Sheralijon"]
[Black "Deng, Henry"]
[Result "0-1"]
[WhiteTitle "CM"]
[BlackTitle "FM"]
[WhiteElo "2156"]
[BlackElo "2293"]
[WhiteFideId "14212170"]
[BlackFideId "30965454"]
[EventDate "2025.07.01"]

1. d4 d5 2. Bg5 c5 3. e3 Nc6 4. Nf3 f6 5. Bh4 Nh6 6. Bd3 Nf5 7. Bg3 c4 8. Bxf5
Bxf5 9. Nbd2 e6 10. Nh4 g6 11. O-O Bg7 12. f3 O-O 13. e4 dxe4 14. fxe4 Qxd4+ 15.
Bf2 Bg4 16. Bxd4 Bxd1 17. Raxd1 Nxd4 18. Nxc4 Nxc2 19. Rd7 Rf7 20. Rfd1 Raf8 21.
Nf3 Rxd7 22. Rxd7 Rf7 23. Rd8+ Bf8 24. e5 Nb4 25. exf6 Rxf6 26. Nce5 Nc6 27.
Nxc6 bxc6 28. Ne5 Rf5 29. Nxc6 Kg7 30. Rd7+ Kh6 31. b4 a5 32. g4 Rf4 33. b5
Rxg4+ 34. Kf1 Bc5 35. Ke2 Ra4 36. Rd2 Bb6 37. Kd3 e5 38. Re2 e4+ 39. Kc3 e3 40.
Kb3 Re4 41. a3 Kg5 42. Nb8 Kg4 43. Nd7 Bd4 44. Kc4 Kf3 45. Kd3 Re7 46. Nb8 Bb6
47. Re1 Rd7+ 48. Kc4 Rc7+ 49. Kd5 e2 50. Nc6 Bf2 51. Rxe2 Kxe2 52. b6 Bxb6 53.
Ne5 Rc5+ 54. Ke4 Rxe5+ 55. Kxe5 Bc5 56. a4 Kd3 57. Kf6 Kc4 58. Kg7 g5 59. Kxh7
Kb4 60. Kg6 Be3 61. Kf5 Kxa4 62. Ke4 Bc1 63. Kd3 Kb3 64. h3 a4 65. h4 gxh4 0-1

[Event "Titled Tue 1st Jul Early"]
[Site "chess.com INT"]
[Date "2025.07.01"]
[Round "7"]
[White "Vasilenok, Anton"]
[Black "Chiappero, Julio Alfredo"]
[Result "1/2-1/2"]
[WhiteTitle "CM"]
[BlackTitle "FM"]
[WhiteElo "2137"]
[BlackElo "2238"]
[WhiteFideId "34133124"]
[BlackFideId "139998"]
[EventDate "2025.07.01"]

1. e4 c5 2. Nc3 a6 3. a4 e6 4. Nf3 b6 5. g3 Bb7 6. Bg2 Nf6 7. O-O d5 8. exd5
exd5 9. d4 Be7 10. a5 O-O 11. axb6 Nbd7 12. Na4 c4 13. Bd2 Bc6 14. Ba5 Bxa4 15.
b7 Qxa5 16. bxa8=Q Rxa8 17. b3 cxb3 18. cxb3 Bxb3 19. Rxa5 Bxd1 20. Rxd1 Ne4 21.
Ne5 Nc3 22. Rd3 Nxe5 23. dxe5 Rc8 24. Bxd5 Bb4 25. Rxa6 h5 26. Ra7 h4 27. Bxf7+
Kh8 28. Be6 Rf8 29. Kg2 Ne2 30. Rf7 Re8 31. Bg4 Nc3 32. Rdd7 Rxe5 33. Rxg7 Ne4
34. Rh7+ Kg8 35. Rhe7 Bxe7 36. f4 Nf6 37. fxe5 Nxd7 38. Bxd7 hxg3 39. Kxg3 Kf7
40. h4 Kg6 41. Kg4 Kh6 42. h5 Kg7 43. Be6 Bd8 44. Bf5 Be7 45. Bg6 Bd8 46. Kf5
Be7 47. Ke6 Bf8 48. Kd7 Ba3 49. Ke8 Bb4 50. e6 Kf6 51. Kd7 Ba3 52. Bd3 Bb4 53.
h6 Ba3 54. Bb1 Bb4 55. Bf5 Ba3 56. Ke8 Bb4 57. Kd7 Ba3 58. Kc6 Bb4 59. Kd5 Ba3
60. Kc4 Be7 61. Kd3 Bf8 62. h7 Kg7 63. Kd4 Ba3 64. Ke5 Bb4 65. Kd5 Ba3 66. Kc6
Bb4 67. Kd7 Ba3 68. Ke8 Bb4 69. e7 Bxe7 70. Kxe7 Kh8 71. Kf8 1/2-1/2

[Event "Titled Tue 1st Jul Early"]
[Site "chess.com INT"]
[Date "2025.07.01"]
[Round "7"]
[White "Jiganchine, Roman"]
[Black "Zeliantsova, Kseniya"]
[Result "1-0"]
[WhiteTitle "CM"]
[BlackTitle "WFM"]
[WhiteElo "2205"]
[BlackElo "2062"]
[WhiteFideId "2603667"]
[BlackFideId "13512617"]
[EventDate "2025.07.01"]

1. Nf3 Nf6 2. c4 g6 3. Nc3 Bg7 4. e4 d6 5. d4 O-O 6. Be2 c5 7. O-O Nc6 8. d5 Nb4
9. a3 Na6 10. Bg5 h6 11. Be3 e5 12. Nd2 Bd7 13. Rb1 b6 14. b4 Nc7 15. Qc2 Ng4
16. Bxg4 Bxg4 17. f3 Bd7 18. Qd3 f5 19. Nb5 Ne8 20. bxc5 bxc5 21. Nb3 f4 22. Bf2
Qg5 23. Kh1 Qh5 24. Nxd6 Nxd6 25. Nxc5 Bc8 26. Nb3 Ba6 27. Rfc1 Rac8 28. Nc5
Bxc4 29. Rxc4 Nxc4 30. Qxc4 g5 31. d6+ Kh8 32. d7 Rc7 33. Qe6 Rd8 34. Qf5 Kg8
35. Ne6 Rcxd7 36. Nxd8 Rxd8 37. Bxa7 Qe8 38. h3 Qa4 39. Qe6+ Kh8 40. Bg1 Qxa3
41. Qf7 Qf8 42. Qc7 Rc8 43. Qd7 Rd8 44. Qc7 Rc8 45. Qd7 Rb8 46. Rxb8 Qxb8 47. h4
Qb1 48. hxg5 hxg5 49. Qf5 Qb5 50. Qxg5 Qc4 51. Qh5+ Kg8 52. Qe8+ Kh7 53. Qh5+
Kg8 54. Qf5 Qc6 55. Kh2 Qh6+ 56. Qh3 Qg5 57. Bf2 Qf6 58. Bh4 Qg6 59. Qc8+ Kh7
60. Kh3 Qh6 61. Qf5+ Kh8 62. Qg4 Qh7 63. Qc8+ Qg8 64. Qxg8+ Kxg8 65. Kg4 Kf7 66.
Kf5 Bh8 67. Bd8 Bg7 68. Bc7 1-0

[Event "Titled Tue 1st Jul Early"]
[Site "chess.com INT"]
[Date "2025.07.01"]
[Round "7"]
[White "Lesovoi, Evgenij"]
[Black "Sarana, Alexey"]
[Result "0-1"]
[WhiteTitle "FM"]
[BlackTitle "GM"]
[WhiteElo "2234"]
[BlackElo "2686"]
[WhiteFideId "24164135"]
[BlackFideId "24133795"]
[EventDate "2025.07.01"]

1. d4 Nf6 2. c4 e6 3. Nc3 Bb4 4. Qc2 d5 5. cxd5 exd5 6. Bf4 c6 7. e3 Nh5 8. Bg3
Nxg3 9. hxg3 Nd7 10. Bd3 Nf6 11. Nf3 Bd6 12. Ne5 Qe7 13. f4 h5 14. O-O-O Bd7 15.
Kb1 O-O-O 16. e4 Kb8 17. Rhe1 dxe4 18. Nxe4 Nxe4 19. Bxe4 Qf6 20. Qb3 Bxe5 21.
dxe5 Qe7 22. Rd6 Be6 23. Qd3 Rxd6 24. exd6 Qf6 25. d7 Qe7 26. Bf3 Qxd7 27. Qxd7
Bxd7 28. Re7 Be6 29. b3 g6 30. Be4 Kc8 31. Kb2 a5 32. Kc3 h4 33. g4 Rf8 34. Kd4
Bxg4 35. Kc5 Bd7 36. Kb6 Kd8 37. Re5 Bc8 38. Bf3 a4 39. Ra5 axb3 40. axb3 Ke7
41. Kc7 Be6 42. b4 Rd8 43. Ra7 Rd7+ 44. Kb6 Bd5 45. Bg4 f5 46. Bh3 Kd6 47. Ra8
Re7 48. Rd8+ Ke6 49. Rh8 Kf6 50. Rxh4 Re4 51. b5 Rb4 52. Kxb7 Rxb5+ 53. Kc7 Rb4
54. Kd6 Kg7 55. g3 Bf3 56. Bf1 Rd4+ 57. Ke5 Rd5+ 58. Ke6 Rd1 59. Ba6 Rg1 60. Rh2
Rxg3 61. Rb2 Bd5+ 62. Kd6 Re3 63. Bc8 Kf6 64. Rh2 Rf3 65. Rh4 Rf1 66. Bd7 Be4
67. Be8 Rd1+ 68. Kc5 Rd5+ 69. Kb6 Rd8 70. Rh8 Kg7 71. Kc7 Ra8 0-1

[Event "Titled Tue 1st Jul Early"]
[Site "chess.com INT"]
[Date "2025.07.01"]
[Round "7"]
[White "Chan, Yi Ren Daniel"]
[Black "Fedotov, Nikita2"]
[Result "1/2-1/2"]
[WhiteTitle "FM"]
[BlackTitle "FM"]
[WhiteElo "2309"]
[BlackElo "2278"]
[WhiteFideId "5801583"]
[BlackFideId "24161446"]
[EventDate "2025.07.01"]

1. e4 e5 2. Nf3 Nc6 3. Bc4 Bc5 4. d3 Nf6 5. a4 a5 6. Be3 Bxe3 7. fxe3 d6 8. O-O
Be6 9. Bb5 O-O 10. d4 Ne7 11. Nc3 Ng6 12. Qe1 c6 13. Bd3 Qb6 14. Rb1 Rfe8 15.
Kh1 Qb4 16. Qg3 Bc4 17. Bxc4 Qxc4 18. Nd2 Qb4 19. Rfe1 exd4 20. exd4 Qxd4 21.
Nf3 Qc5 22. Rbd1 Rad8 23. Nd4 Qb4 24. Nf5 Nxe4 25. Nxe4 Rxe4 26. Rxe4 Qxe4 27.
Nxd6 Qe2 28. Re1 Qxc2 29. Nxb7 Rd1 30. h3 Rxe1+ 31. Qxe1 Qxa4 32. Nd6 Nf8 33.
Qe7 Qb3 34. Nf5 Qe6 35. Qg5 Qf6 36. Qg4 g6 37. Ng3 Kg7 38. Ne4 Qe5 39. Ng5 Ne6
40. Nf3 Qf4 41. Qxf4 Nxf4 42. Nd4 Nd3 43. b3 Nc5 44. Kg1 Kf6 45. Kf2 Ke7 46.
Nxc6+ Kd6 47. Nxa5 Kd5 48. Ke3 f5 49. b4 Ne6 50. g3 g5 51. Kf3 h5 52. Ke3 Ke5
53. Nc6+ Kd5 54. Ne7+ Ke5 55. Ng6+ Kf6 56. Nh8 Kg7 57. b5 Kxh8 58. b6 Nc5 59.
Kd4 Nb7 60. Kd5 f4 61. gxf4 gxf4 62. Ke4 Kg7 63. Kxf4 Kg6 64. Ke5 Kg5 65. Kd5
Kh4 66. Kc6 Na5+ 67. Kb5 Nb7 68. Kc6 Na5+ 69. Kb5 Nb7 70. Ka6 Nc5+ 71. Kb5 Nb7 1/2-1/2

[Event "Titled Tue 1st Jul Early"]
[Site "chess.com INT"]
[Date "2025.07.01"]
[Round "7"]
[White "Arun, Siddharth"]
[Black "Tiitta, Sauli"]
[Result "1-0"]
[WhiteElo "1978"]
[BlackElo "2157"]
[WhiteFideId "2079178"]
[BlackFideId "502251"]
[EventDate "2025.07.01"]

1. d4 c5 2. d5 d6 3. c4 h6 4. Nc3 g5 5. e4 Bg7 6. h4 g4 7. h5 Bxc3+ 8. bxc3 Qa5
9. Bd2 Nf6 10. Bd3 Nbd7 11. f4 gxf3 12. Nxf3 Ng4 13. Qe2 Nde5 14. O-O Bd7 15.
Rab1 O-O-O 16. Rb2 Rdg8 17. Rfb1 b6 18. Rc1 Nxf3+ 19. Qxf3 Ne5 20. Qe3 Rg5 21.
Be1 Rhg8 22. Bf1 Rxh5 23. Bg3 Rhg5 24. Bxe5 dxe5 25. Rf2 f6 26. Rb1 h5 27. Kh2
Rg3 28. Qxg3 Rxg3 29. Kxg3 Qxc3+ 30. Kh2 h4 31. Rb3 Qe1 32. Rbf3 Qxe4 33. Bd3
Qd4 34. Bf5 e4 35. Rf4 Qe5 36. Bxd7+ Kxd7 37. g3 hxg3+ 38. Kxg3 e3 39. Re2 f5
40. Kf3 Qa1 41. Rxf5 Qh1+ 42. Kxe3 Qg1+ 43. Rff2 Qg5+ 44. Kd3 Qg6+ 45. Kc3 Qg7+
46. Kb3 Qd4 47. Rd2 Qe3+ 48. Kc2 a6 49. Rfe2 Qa3 50. Kd1 Qa4+ 51. Rc2 b5 52. Re4
b4 53. Re3 a5 54. Kc1 Kd8 55. Rce2 Qd7 56. Re6 Qc7 57. d6 Qd7 58. dxe7+ Ke8 59.
R6e3 Qd4 60. Rg3 Qa1+ 61. Kd2 Qxa2+ 62. Ke3 Qb3+ 63. Kf2 Qxc4 64. Rf3 Qd4+ 65.
Kg2 Qg4+ 66. Rg3 Qd4 67. Rg8+ Kd7 68. e8=Q+ Kd6 69. Rg6+ Kc7 70. Re7+ 1-0

[Event "Titled Tue 1st Jul Early"]
[Site "chess.com INT"]
[Date "2025.07.01"]
[Round "7"]
[White "Zozek Salah Mohammed"]
[Black "Mattenberger, Matthias"]
[Result "0-1"]
[WhiteTitle "FM"]
[BlackTitle "FM"]
[WhiteElo "2205"]
[BlackElo "2276"]
[WhiteFideId "4803361"]
[BlackFideId "1339958"]
[EventDate "2025.07.01"]

1. d4 Nf6 2. Nf3 e6 3. g3 b6 4. Bg2 Bb7 5. O-O Be7 6. c4 O-O 7. Nc3 d5 8. cxd5
Nxd5 9. Ne5 Nxc3 10. bxc3 Bxg2 11. Kxg2 c5 12. e3 Qc7 13. Qf3 Nd7 14. Nxd7 Qxd7
15. Ba3 Qc7 16. Rfd1 Rac8 17. Rac1 h6 18. h3 cxd4 19. cxd4 Qd7 20. Bxe7 Qxe7 21.
d5 exd5 22. Qxd5 Rfd8 23. Rxc8 Rxc8 24. Qd7 Rc7 25. Qxe7 Rxe7 26. Rd8+ Kh7 27.
Rb8 Rc7 28. Ra8 Kg6 29. e4 Kf6 30. Kf3 Ke5 31. Re8+ Kd4 32. Kf4 b5 33. Rg8 g6
34. Rh8 b4 35. Rb8 a5 36. Ra8 Rc2 37. Rxa5 Rxf2+ 38. Kg4 Kxe4 39. Rb5 Rb2 40. h4
Rxa2 41. Rxb4+ Ke5 42. Rb5+ Kf6 43. Rb6+ Kg7 44. Rb7 Ra3 45. Rc7 Kf8 46. Rb7 Kg8
47. Rc7 Kg7 48. Rb7 Rc3 49. Ra7 Rb3 50. Rc7 Ra3 51. Rb7 Ra1 52. Rc7 Rf1 53. Rb7
h5+ 54. Kh3 Kh6 55. Rb6 f6 56. Rb8 g5 57. hxg5+ Kxg5 58. Rg8+ Kf5 59. Rh8 Kg6
60. Rg8+ Kh6 61. Rh8+ Kg6 62. Rg8+ Kh7 63. Rf8 Kg7 64. Re8 Ra1 65. Re7+ Kg6 66.
Re8 Ra5 67. Rg8+ Kf5 68. Kh4 Ke4 69. Re8+ Kf3 70. Rf8 f5 71. Kxh5 Kxg3 72. Rb8
f4+ 73. Kg6 f3 0-1

[Event "Titled Tue 1st Jul Early"]
[Site "chess.com INT"]
[Date "2025.07.01"]
[Round "7"]
[White "Nihal, Sarin"]
[Black "Naroditsky, Daniel"]
[Result "1-0"]
[WhiteTitle "GM"]
[BlackTitle "GM"]
[WhiteElo "2692"]
[BlackElo "2619"]
[WhiteFideId "25092340"]
[BlackFideId "2026961"]
[EventDate "2025.07.01"]

1. d4 Nf6 2. Bf4 c5 3. d5 d6 4. Nc3 e5 5. Bg5 Be7 6. Nf3 O-O 7. e4 a6 8. a4 Ne8
9. Be3 f5 10. exf5 Bxf5 11. Be2 Nd7 12. O-O h6 13. Nd2 Nef6 14. a5 Qe8 15. Bd3
Bxd3 16. cxd3 Qg6 17. Nde4 Nh5 18. g3 Nf4 19. Kh1 Nh3 20. Rb1 Nf6 21. Nxf6+ Bxf6
22. Ne4 c4 23. f3 cxd3 24. Qxd3 Be7 25. Rbc1 Rac8 26. Kg2 Nf4+ 27. Bxf4 exf4 28.
Nc5 Qxd3 29. Nxd3 fxg3 30. hxg3 Bf6 31. f4 h5 32. Kf3 g6 33. b3 Bc3 34. b4 Bd4
35. Rfe1 Kf7 36. Re4 Rxc1 37. Nxc1 Rc8 38. Ne2 Bf6 39. Re6 Rc4 40. Rxd6 Rxb4 41.
Rd7+ Ke8 42. Rh7 Rb3+ 43. Ke4 Rb4+ 44. Kd3 Rb5 45. Kc4 Be7 46. Nc3 Rxa5 47. Ne4
Ra4+ 48. Kd3 Ra3+ 49. Kd4 Kf8 50. d6 Bxd6 51. Nxd6 Rxg3 52. Rxb7 h4 53. Ke5 Rd3
54. Rd7 Kg8 55. Kf6 h3 56. Rg7+ Kf8 57. Rf7+ Kg8 58. Rg7+ Kf8 59. Rd7 Kg8 60.
Kxg6 Rg3+ 61. Kh6 Kf8 62. Rf7+ Kg8 63. Rb7 Kf8 64. Rb8+ Ke7 65. Nf5+ Kd7 66.
Nxg3 h2 67. Ra8 a5 68. Rxa5 Ke6 69. Rh5 h1=Q 70. Nxh1 1-0

[Event "Titled Tue 1st Jul Early"]
[Site "chess.com INT"]
[Date "2025.07.01"]
[Round "7"]
[White "Dovgaliuk, Oleksandr"]
[Black "Rosen, Eric"]
[Result "0-1"]
[BlackTitle "IM"]
[WhiteElo "2174"]
[BlackElo "2377"]
[WhiteFideId "14167247"]
[BlackFideId "2032562"]
[EventDate "2025.07.01"]

1. e4 e6 2. d4 d5 3. Bd3 dxe4 4. Bxe4 Nf6 5. Bf3 Nbd7 6. Ne2 Be7 7. O-O O-O 8.
a3 c5 9. dxc5 Nxc5 10. b4 Na4 11. Nbc3 Nxc3 12. Nxc3 Qc7 13. Nb5 Qe5 14. Nd4 Rd8
15. Bb2 Qg5 16. Qc1 Qxc1 17. Raxc1 e5 18. Nb3 e4 19. Bxf6 Bxf6 20. Bxe4 Rb8 21.
Rcd1 Be6 22. Nc5 Bc4 23. Nd7 Bxf1 24. Kxf1 b6 25. Rd3 Rbc8 26. Bb7 Bb2 27. Bxc8
Rxc8 28. c4 g6 29. c5 bxc5 30. Nxc5 Bf6 31. Rd7 a5 32. Rb7 axb4 33. axb4 Bc3 34.
Na6 Re8 35. g3 Re1+ 36. Kg2 Rb1 37. b5 Rb2 38. Nc5 Bd4 39. Ne4 f5 40. Nd6 Rxf2+
41. Kh3 Rb2 42. Rd7 Bg1 43. Kh4 h6 44. h3 Bf2 45. Rd8+ Kg7 46. Rd7+ Kg8 47. Rd8+
Kg7 48. Rd7+ Kf6 49. Ne8+ Ke6 50. Rd6+ Ke7 51. Rxg6 Rb4+ 52. Kh5 Kxe8 53. g4
Rxb5 54. gxf5 Be3 55. Kg4 Kf7 56. Re6 Rb4+ 57. Kf3 Bg5 58. Re4 Rb3+ 59. Kg4 Rb1
60. Kh5 Kf6 61. Re2 Rf1 62. h4 Bc1 63. Kg4 Rg1+ 64. Kh3 Rf1 65. Rc2 Be3 66. Rc6+
Kxf5 67. Rc8 Ke4 68. Re8+ Kf3 69. Kh2 Bf4+ 70. Kh3 Rh1# 0-1

[Event "Titled Tue 1st Jul Early"]
[Site "chess.com INT"]
[Date "2025.07.01"]
[Round "7"]
[White "Shahinyan, Vladimir"]
[Black "Storey, Charles H"]
[Result "1/2-1/2"]
[WhiteTitle "CM"]
[BlackTitle "FM"]
[WhiteElo "2182"]
[BlackElo "2102"]
[WhiteFideId "13314599"]
[BlackFideId "406686"]
[EventDate "2025.07.01"]

1. e4 g6 2. h4 Bg7 3. h5 d5 4. exd5 Qxd5 5. Nc3 Bxc3 6. bxc3 Nc6 7. hxg6 hxg6 8.
Rxh8 Qe5+ 9. Be2 Qxh8 10. d4 Nf6 11. d5 Qh2 12. Kf1 Ne5 13. Qd4 Nh5 14. g4 f6
15. gxh5 Qh1 16. Qe3 gxh5 17. Ba3 h4 18. f4 h3 19. fxe5 Qg2+ 20. Ke1 h2 21. Kd2
Qxd5+ 22. Kc1 h1=Q 23. Bf3 Qdxf3 24. Qxf3 Qxg1+ 25. Kd2 Qg5+ 26. Qe3 Qxe5 27.
Qxe5 fxe5 28. Rh1 Kd7 29. Rh7 Kc6 30. Rxe7 Bd7 31. Rxe5 b6 32. Re3 Rg8 33. Kc1
Rg6 34. Re2 Be6 35. Kb2 Kb5 36. Be7 c5 37. Rh2 a5 38. Bd8 a4 39. a3 Kc6 40. Rh7
b5 41. Rc7+ Kd5 42. Be7 c4 43. Rc5+ Ke4 44. Rxb5 Bd7 45. Rb4 Rc6 46. Rxa4 Rb6+
47. Rb4 Rxb4+ 48. cxb4 Ba4 49. Kc3 Kd5 50. Bf6 Bb5 51. Kd2 Ba4 52. Bb2 Bb5 53.
Ke3 Ba4 54. c3 Bd7 55. Kf4 Ba4 56. Bc1 Kc6 57. Be3 Kb5 58. Bd4 Bb3 59. Ke5 Ba4
60. Kd6 Bb3 61. Kd5 Ba4 62. Bc5 Bb3 63. Ke4 Ba4 64. Ke3 Bb3 65. Kd2 Ba4 66. Kc1
Bb3 67. Kb2 Ba4 68. Bd4 Bb3 69. a4+ Bxa4 70. Ka3 Bb3 71. Be3 Ba4 72. Bd2 Bb3 73.
Be3 Ba4 74. Bd2 Bb3 75. Be3 1/2-1/2

[Event "Titled Tue 1st Jul Early"]
[Site "chess.com INT"]
[Date "2025.07.01"]
[Round "7"]
[White "Rietze, Clemens"]
[Black "Andrade, Ivan"]
[Result "1-0"]
[WhiteTitle "FM"]
[BlackTitle "FM"]
[WhiteElo "2348"]
[BlackElo "2136"]
[WhiteFideId "24620351"]
[BlackFideId "14800039"]
[EventDate "2025.07.01"]

1. d4 Nf6 2. c4 e6 3. Nf3 b6 4. g3 Ba6 5. b3 Bb4+ 6. Bd2 Be7 7. Qc2 Bb7 8. Bg2
O-O 9. Nc3 d5 10. cxd5 exd5 11. O-O Ne4 12. Nxe4 dxe4 13. Ne5 Qxd4 14. Bc3 Qd5
15. Rfd1 Qe6 16. Bxe4 Bxe4 17. Qxe4 Na6 18. Qd5 Qxd5 19. Rxd5 Bd6 20. Nc4 Bc5
21. Rad1 Rfe8 22. e3 Nb4 23. Rg5 g6 24. a3 Nc6 25. Rd7 Rac8 26. b4 Be7 27. Rg4
a6 28. Rf4 Nb8 29. Rd1 Rcd8 30. Rfd4 Rxd4 31. Bxd4 Nc6 32. Bc3 Rd8 33. Rxd8+
Bxd8 34. e4 Be7 35. f4 Kf8 36. Kf2 Ke8 37. Ke3 Kd7 38. e5 h5 39. h3 Na7 40. g4
Nb5 41. Bb2 Ke6 42. Ke4 Na7 43. f5+ gxf5+ 44. gxf5+ Kd7 45. Ne3 Bg5 46. Nd5 Nc6
47. Bc3 Bc1 48. a4 b5 49. axb5 axb5 50. Be1 Bg5 51. Bf2 Ke8 52. Nxc7+ Kd7 53.
Nxb5 Bd2 54. Nd6 f6 55. Nc4 Bxb4 56. exf6 Bf8 57. Nb6+ Ke8 58. Kd5 Nb4+ 59. Ke6
Nc6 60. f7+ Kd8 61. Bh4+ Kc7 62. Nd5+ Kb7 63. Be7 Nxe7 64. Nxe7 Kc7 65. Ng6 Bg7
66. f8=Q Bxf8 67. Nxf8 1-0

[Event "Titled Tue 1st Jul Early"]
[Site "chess.com INT"]
[Date "2025.07.01"]
[Round "7"]
[White "Osiecki, Stanislaw"]
[Black "Sitnic, Adnan"]
[Result "0-1"]
[WhiteTitle "FM"]
[BlackTitle "CM"]
[WhiteElo "1944"]
[BlackElo "2058"]
[WhiteFideId "1102990"]
[BlackFideId "14403854"]
[EventDate "2025.07.01"]

1. e4 Nc6 2. d4 e5 3. c3 exd4 4. cxd4 d5 5. e5 Bf5 6. Bd3 Qd7 7. Be3 Nb4 8. Bxf5
Qxf5 9. Qa4+ c6 10. Na3 Nd3+ 11. Ke2 Nxb2 12. Qb3 Bxa3 13. Qxa3 Nc4 14. Qb3 b5
15. Nf3 Ne7 16. a4 Qd7 17. axb5 cxb5 18. Rhb1 a6 19. Bd2 O-O 20. Bb4 Rfe8 21.
Bxe7 Qxe7 22. Kf1 b4 23. Qxb4 Qxb4 24. Rxb4 Rf8 25. Ke2 f6 26. Rba4 fxe5 27.
Nxe5 Rfe8 28. f4 a5 29. Kf2 Nd2 30. Rxa5 Rxa5 31. Rxa5 Rd8 32. Nc6 Rd6 33. Ne7+
Kf7 34. Nxd5 Ne4+ 35. Ke3 Nf6 36. Nxf6 gxf6 37. Ra7+ Kg6 38. g4 Re6+ 39. Kf3 Rb6
40. f5+ Kg5 41. Rg7+ Kh6 42. Rf7 Kg5 43. h3 h5 44. Rg7+ Kh4 45. Rh7 Rb3+ 46. Ke4
Kxh3 47. gxh5 Kg4 48. Kd5 Kxf5 49. h6 Rb8 50. Rg7 Rd8+ 51. Kc5 Rh8 52. h7 Ke6
53. d5+ Ke5 54. d6 Rc8+ 55. Kb6 Rh8 56. Re7+ Kxd6 57. Rg7 Ke6 58. Kc5 f5 59. Kd4
Kf6 60. Rd7 Kg5 61. Ke3 Kg6 62. Kf3 Rxh7 63. Rxh7 Kxh7 64. Kf4 Kg6 65. Kg3 Kg5
66. Kf3 f4 67. Kg2 Kg4 68. Kf2 f3 69. Kf1 Kf4 70. Kf2 Ke4 71. Kf1 Ke3 72. Ke1
Kf4 73. Kf2 Kg4 0-1

[Event "Titled Tue 1st Jul Early"]
[Site "chess.com INT"]
[Date "2025.07.01"]
[Round "7"]
[White "Hrebenshchykova, Yelyzaveta"]
[Black "Hernandez Samayoa, Dilan Alexander"]
[Result "1-0"]
[WhiteTitle "WIM"]
[BlackTitle "CM"]
[WhiteElo "2265"]
[BlackElo "2006"]
[WhiteFideId "14159899"]
[BlackFideId "7306679"]
[EventDate "2025.07.01"]

1. e4 c5 2. Nf3 Nc6 3. d4 cxd4 4. Nxd4 Nf6 5. Nc3 d6 6. Bc4 Qb6 7. Nb3 e6 8. Be3
Qc7 9. Be2 a6 10. Qd2 Be7 11. g4 b5 12. g5 Nd7 13. a3 Bb7 14. f4 Rc8 15. h4 Na5
16. Nxa5 Qxa5 17. O-O Qc7 18. f5 O-O 19. Qe1 Ne5 20. Qg3 Kh8 21. Kh2 Rg8 22. Rg1
exf5 23. exf5 Qc6 24. Raf1 Bd8 25. Bd4 f6 26. Bxe5 dxe5 27. Bf3 Qc7 28. Bxb7
Qxb7 29. Qf3 Qxf3 30. Rxf3 Rc4 31. Kh3 Bb6 32. Rg2 Rd8 33. gxf6 gxf6 34. h5 Rf4
35. Rxf4 exf4 36. Ne4 Bd4 37. c3 Be5 38. Rd2 Rxd2 39. Nxd2 Kg8 40. Kg4 Kf7 41.
Ne4 a5 42. Nc5 b4 43. cxb4 axb4 44. axb4 Bxb2 45. Nd3 Bc3 46. Kxf4 Bd2+ 47. Ke4
Ke7 48. Kd5 h6 49. b5 Kd7 50. Nc5+ Kc7 51. Ke6 Bc3 52. Ne4 Bd4 53. Nxf6 Kb6 54.
Ng4 Kxb5 55. f6 Kc6 56. f7 Bg7 57. Ne5+ Kc7 58. Ng6 Kd8 59. f8=Q+ Bxf8 60. Nxf8
Ke8 61. Nd7 Kd8 62. Ne5 Ke8 63. Nf7 Kf8 64. Nxh6 Kg7 65. Nf5+ Kh8 66. h6 Kg8 67.
Kf6 Kh7 68. Kg5 Kh8 69. Kg6 Kg8 70. Nd6 Kh8 71. Nf7+ Kg8 72. h7+ Kf8 73. h8=Q+
Ke7 74. Qf6+ Kf8 75. Ne5+ Kg8 76. Qg7# 1-0